000 01743nam a2200493 i 4500
001 55030
003 KOSZ 005
005 20220118142144.0
008 080530s2007 pl a f |000 0 pol
015 _aUWD 2008/15573
020 _a9788372424501
035 _a991042293819705066
035 _a(PL-WaBN)b21340006-48omnis_nlop
035 _ab21340006
035 _a(OCoLC)749534001
035 _axx001068888
035 _a(PL)b0000002134000
035 _a(EXLNZ-48OMNIS_NETWORK)9910288015105606
040 _aWA N
_cWA N
_dKOSZ 005/HR
046 _k2007
080 _a621.56/.59
080 _a(075.8)
100 1 _aZalewski, Wojciech
_d(1949- )
_eAutor
245 1 0 _aSystemy i urządzenia chłodnicze :
_bpodręcznik dla studentów wyższych szkół technicznych /
_cWojciech Zalewski ; Politechnika Krakowska im. Tadeusza Kościuszki.
260 _aKraków :
_bWydawnictwo Politechniki Krakowskiej,
_c2007.
300 _a297 s. :
_bil., err. ;
_c24 cm.
336 _aTekst
_btxt
_2rdacontent
337 _aBez urządzenia pośredniczącego
_bn
_2rdamedia
338 _aWolumin
_bnc
_2rdacarrier
380 _aKsiążki
380 _aPublikacje dydaktyczne
385 _mPoziom nauczania
_aSzkoły wyższe
388 _a2001-
504 _aBibliogr. s. 293-297.
650 7 _aChłodnictwo
_2DBN
650 7 _aUrządzenia chłodnicze
650 7 _aObsługa i eksploatacja
655 7 _aPodręczniki akademickie
_2DBN
658 _aInżynieria i technika
710 2 _aWydawnictwo Politechniki Krakowskiej
_4pbl
856 _uhttp://koha.tu.koszalin.pl/cgi-bin/koha/opac-detail.pl?biblionumber=55030
_yKatalog online BPK
942 _2UKD
_cKS
999 _c55030
_d55030